000 00931nam a2200241 i 4500
001 68593
003 ES-MaACL
005 20230906170320.0
007 t|
008 040702s1865 sp ||||1| spa d
080 _a061.236.3(460.27 M.)Soc. Econ. Matritense.013.2
110 2 _aReal Sociedad Económica Matritense de Amigos del País.
_96389
245 1 0 _aEstatutos de la Sociedad Económica de Amigos del País de Madrid.
260 _aMadrid :
_b[s.n.],
_c1865 (
_fImp. del Colegio de Sordomudos y de Ciegos)
300 _a14 p. ;
_c21 cm.
530 _aDisponible en formato digital.
610 2 4 _aReal Sociedad Económica Matritense de Amigos del País-
_vEstatutos.
_9147091
852 4 _aES-MaACL
_jT-81-F-19
852 4 _aES-MaACL
_jT-92-F-15
852 4 _aES-MaACL
_jT-420-F-10
852 4 _aES-MaACL
_jT-692-F-7
856 4 _uhttps://patrimoniodigital.ucm.es/s/patrimonio/item/655083
_zPatrimonio Digital Complutense
999 _c68593
_d68593